|
|
|
|
| LEADER |
00897cam a2200241 4500 |
| 008 |
730802s1973 enk b 001 0 eng |
| 010 |
|
|
|a 73165804
|
| 015 |
|
|
|a B73-08453
|
| 020 |
|
|
|a 0333146360
|
| 043 |
|
|
|a e-uk---
|
| 082 |
0 |
0 |
|a 820.9 BER/T
|
| 100 |
1 |
|
|a Bergonzi, Bernard.
|
| 245 |
1 |
4 |
|a The turn of a century: essays on Victorian and modern English literature.
|
| 260 |
|
|
|a London,
|b Macmillan,
|c 1973.
|
| 300 |
|
|
|a x, 222 p.
|c 23 cm.
|
| 350 |
|
|
|a £4.25
|
| 504 |
|
|
|a Includes bibliographical references.
|
| 650 |
|
0 |
|a English literature
|y 19th century
|x History and criticism.
|
| 650 |
|
0 |
|a English literature
|y 20th century
|x History and criticism.
|
| 906 |
|
|
|a 7
|b cbc
|c orignew
|d 3
|e ncip
|f 19
|g y-gencatlg
|
| 942 |
|
|
|2 ddc
|c BK
|
| 999 |
|
|
|c 192379
|d 192379
|
| 952 |
|
|
|0 0
|1 0
|4 0
|6 820_900000000000000_BER_T
|7 0
|9 212290
|a ENG
|b ENG
|c ST1
|d 2015-12-21
|i 4932
|l 0
|o 820.9 BER/T
|p ENG4932
|r 2015-12-21
|w 2015-12-21
|y BK
|